| 000 | 01069cam a22003253a 4500 | ||
|---|---|---|---|
| 001 | 12465353 | ||
| 003 | PILC | ||
| 005 | 20150526085433.0 | ||
| 008 | 890703s1989 nyuaf 001 0aeng d | ||
| 010 |
_a 2001553408 _z 88047679 |
||
| 020 | _a0553278053 | ||
| 035 | _a(OCoLC)ocm19958942 | ||
| 040 |
_aTWA _cTWA _dIXA _dOCL _dDLC |
||
| 042 | _alccopycat | ||
| 050 | 0 | 0 |
_aHD 9710.U52 _b.Ia11 1989 |
| 100 | 1 | _aIacocca, Lee A. | |
| 245 | 1 | 0 |
_aTalking straight / _cLee Iacocca, with Sonny Kleinfield. |
| 250 | _aBantam paperback ed. | ||
| 260 |
_aNew York : _bBantam, _c1989. |
||
| 300 |
_axiv, 337 pages : _billustrations ; _c18 cm. |
||
| 500 | _aIncludes index. | ||
| 600 | 1 | 0 |
_aIacocca, Lee A. _xPhilosophy. |
| 650 | 0 |
_aBusinessmen _zUnited States _vBiography. |
|
| 651 | 0 |
_aUnited States _xEconomic conditions _y1981-2001. |
|
| 700 | 1 | _aKleinfield, Sonny. | |
| 710 | 2 |
_aCopyright Paperback Collection (Library of Congress) _5DLC |
|
| 906 |
_a7 _bcbc _ccopycat _d2 _eopcn _f20 _gy-genrareb |
||
| 942 |
_2lcc _cBK _kFOR |
||
| 999 |
_c284365 _d284365 |
||